| 000 | 00663cab a2200217 4500 | ||
|---|---|---|---|
| 001 | WB2943-70 | ||
| 008 | 090401t1993 xxu||||| |||| 00| 0 eng d | ||
| 035 | _a(Sirsi) u72238 | ||
| 041 | _aeng | ||
| 245 | _aSWEB to build telecoms network | ||
| 260 | _c1993 | ||
| 350 | _a0 | ||
| 490 |
_aFinancial Times _v17 November 1993, 31(1) |
||
| 520 | _aSouth Western Electricity is to build a fibre-optic telecommunications network on its electricity pylons at a cost of at least £10m. | ||
| 650 | _aELECTRICITY PYLONS | ||
| 650 | _aSWEB | ||
| 650 | _aTELECOMMUNICATIONS NETWORK | ||
| 690 | _aTRANSPORT AND COMMUNICATIONS | ||
| 942 | _n0 | ||
| 948 | _c04/03/1997 | ||
| 999 |
_c45613 _d45613 |
||